000 01177nam a22003854i 4500
001 3967026
003 CO-MdFUSB
005 20211016120416.0
008 940513t1993 sp bd 001 0 spa d
010 _a 94144550
020 _a847423574X
040 _aWU
_dDLC
_bspa
_cCO-MdFUSB
_erda
041 _aspa
042 _alccopycat
082 0 0 _a270.03
_223
_bT266
100 2 _aTeruel Gregorio de Tejada, Manuel.
_eautor
245 0 _aVocabulario básico de la historia de la Iglesia
_c/ Manuel Teruel Gregorio de Tejada
264 1 _aBarcelona, España :
_bCrítica,
_c[1993]
264 4 _c© 1993
300 _a483 páginas ;
_c20 cm.
336 _2rdacontent
_atexto
_btxt
337 _2rdamedia
_asin mediación
_bn
338 _2rdacarrier
_avolumen
_bnc
563 _aTapa rústica
653 _aVocabulario
653 _aHistoria de la iglesia
700 _aFontana, Josep
_91415
_edirector
720 _aMartínez Shaw, Carlos
906 _a7
_bcbc
_ccopycat
_d2
_encip
_f19
_gy-gencatlg
942 _cREF
945 _aEstudiante
999 _c64633
_d64633